000 01318nam a2200349 c 4500
999 _c143991
_d143991
003 BLK
005 20250722141310.0
008 180410b bul|||||r ||||||| ||bul||
010 _aKNG00150140000
020 _a978-954-390-071-8
040 _aBLK
041 _aBUL
_cBUL
072 7 _2bullib
_aН83
_xЧужда художествена литература Н
080 _aАмериканска литература (на САЩ)
_b821.111(73)
_x-31
_z821.111(73)-31
100 1 _aАндрюс, Анди
_eпърви автор
_9321916
139 _aАндрюс, Анди
_bА 66
245 1 0 _aСъкровищата на пътешественика
_cАнди Андрюс; прев. от англ. Георги Георгиев.
257 _aUSA
260 _bSkyPrint
_c2011
_fСофия : Д. Благоев
300 _a162 с.
_c21 см
380 _aX
500 _aОриг. загл.: The traveler's gift / Andy Andrews.
659 _aН
700 1 _aГеоргиев, Георги
_eпрев. от англ.
_gСтоянов, Георги Георгиев
_9363547
852 _aЦб 264407
856 4 _qpdf
856 4 _qpdf
942 _cKNG
_n0
_024
944 _aCR
_c09.09.2013
_k30575
_lМартин Енчев
944 _aED
_c13.02.2014
999 _d143991